Devine la personnalité - Statistiques

Statistiques générales
  • Ce quiz a été pris 74 fois
  • Le résultat moyen est 4 sur 15
Statistiques - réponses
Hint Réponse % Correct
49.3 Borne
72%
gâté Sch
55%
Eleven All Stars Amine
45%
vin rouge Depardieu
40%
chienté Nasdas
34%
1er tour du monde Magellan
23%
42ème président US Clinton
18%
résistance français jean moulin
18%
jeu mobile où on saute sur des plateformes Doodle Jump
15%
Première ministre sous Mitterand Edith Cresson
15%
prix diesel actuel 1,97
6%
film du mindfuck total interstellar
3%
Goat quizz jetpunk
3%
fruit avec une coque litchi
3%
Champion Samuel Etienne
0%
Aucun quiz correspondant
Distribution des résultats
% des personnes avec chaque résultat
Percentile par nombre de réponses
Votre historique - résultats
Vous n’avez pas pris ce quiz